Diseño experimental sin estadística: uso y restricciones en su aplicación a las ciencias de la conducta
Guardado en:
| Autor principal: | |
|---|---|
| Formato: | Libro |
| Lenguaje: | español |
| Publicado: |
Ciudad de México
Trillas
1977
|
| Edición: | 2a. ed |
| Materias: | |
| Etiquetas: |
Agregar Etiqueta
Sin Etiquetas, Sea el primero en etiquetar este registro!
|
MARC
| LEADER | 00000nam a2200000 a 4500 | ||
|---|---|---|---|
| 001 | UCY6076 | ||
| 003 | CL-VaPUC | ||
| 008 | 950521e19770000MX |||||||||||||||||spa|d | ||
| 082 | 0 | 4 | |a 150.724 |b CAS |2 21 |
| 100 | 0 | |a Castro, Luis |e author |9 335677 | |
| 245 | 1 | 0 | |a Diseño experimental sin estadística: uso y restricciones en su aplicación a las ciencias de la conducta |
| 250 | |a 2a. ed | ||
| 300 | |a 242 p | ||
| 942 | |c BK | ||
| 945 | |d 19950521 00:00:00 |a mfernand | ||
| 260 | |a Ciudad de México |b Trillas |c 1977 | ||
| 650 | 7 | |a DISEÑO ESTADISTICO |2 CL-VaPUC |9 324713 | |
| 650 | 7 | |a EXPERIMENTOS |2 CL-VaPUC |9 270782 | |
| 650 | 7 | |a PSICOLOGIA EXPERIMENTAL |2 CL-VaPUC |9 309015 | |
| 650 | 7 | |a INVESTIGACION PSICOLOGICA |2 CL-VaPUC |9 309030 | |
| 650 | 7 | |a EXPERIMENTACION |2 CL-VaPUC |9 335678 | |
| 583 | |a last modification |c 19950521 00:00:00 |k Rodrigo Vera | ||
| 999 | |c 233659 |d 233657 | ||
| 952 | |0 0 |1 0 |4 0 |6 150_724000000000000_CAS_1977 |7 0 |8 P |9 239326 |a BIBEDU |b BIBEDU |c BIBEDU_PB |d 2019-11-18 |i 150584K |o 150.724 CAS 1977 |p 150584K |r 2024-01-25 |w 2019-11-18 |y BK |k EDU | ||
| 952 | |0 0 |1 0 |4 0 |6 150_724000000000000_CAS_1977 |7 0 |8 P |9 239327 |a BIBEDU |b BIBEDU |c BIBEDU_PB |d 2019-11-18 |i 318398K |o 150.724 CAS 1977 |p 318398K |r 2024-01-25 |w 2019-11-18 |y BK |k LIT | ||